Kontakt OAF obchodný adresár firiem Banskej Bystrice a Zvolena
Na minha lista:
| Formato: | Livro |
|---|---|
| Idioma: | eslovaco |
| Publicado em: |
Žilina
Klub podnikateľov
1994
|
| Edição: | 1. vyd. |
| Colecção: | Ekonomický a právny poradca podnikateľa
|
| Assuntos: | |
| Tags: |
Sem tags, seja o primeiro a adicionar uma tag!
|
MARC
| LEADER | 00000nam a2200000 4500 | ||
|---|---|---|---|
| 001 | c010930 | ||
| 005 | 20221214074451.1 | ||
| 020 | |a 80-85669-05-6 | ||
| 041 | 0 | |a slo | |
| 044 | |a SK | ||
| 245 | 1 | 0 | |a Kontakt OAF |b obchodný adresár firiem Banskej Bystrice a Zvolena |
| 250 | |a 1. vyd. | ||
| 264 | 1 | |a Žilina |b Klub podnikateľov |c 1994 | |
| 300 | |a [80] s. | ||
| 490 | 1 | |a Ekonomický a právny poradca podnikateľa | |
| 830 | 0 | |a Ekonomický a právny poradca podnikateľa | |
| 610 | 2 | 0 | |a firmy |
| 610 | 2 | 0 | |a obchod |
| 610 | 2 | 0 | |a podnikanie |
| 610 | 2 | 0 | |a výrobky |
| 610 | 2 | 0 | |a služby |
| 610 | 2 | 0 | |a 1994-1995 |
| 610 | 2 | 0 | |a Banská Bystrica |
| 610 | 2 | 0 | |a Zvolen |